000 00805pam a2200241 a 4500
001 4889812
005 20180205034154.0
008 931015s1994 enk b 001 0 eng
010 _a 93040802
020 _a033519222X
020 _a0335192211 (pbk.)
040 _aDLC
_cDLC
_dDLC
041 _aeng
080 _a616.8914 LEO
082 0 0 _a616.8914 LEO
_220
100 1 _a50
101 _aSOC
245 1 0 _aWomen's experience of feminist therapy and counselling /
_cEileen McLeod.
504 _aIncludes bibliographical references (p. 155-162) and index.
906 _a7
_bcbc
_corignew
_d1
_eocip
_f19
_gy-gencatlg
942 _2ddc
_cBK
999 _c41722
_d41722